Statistiche per Elenca la formazione - Quiz n°154

Clicka qui per fare il quiz!

Statistiche generali

  • Questo quiz è stato fatto 13 volte
  • Il punteggio medio è 7 su 11

Statistiche sulle risposte

RuoloNazioneCalciatore% Corretto
PortierePoloniaWojciech Szczęsny
100%
AttaccantePaesi BassiRobin van Persie
92%
DifensoreFranciaLaurent Koscielny
77%
CentrocampistaRepubblica CecaTomáš Rosický
77%
CentrocampistaCamerunAlexandre Song
69%
DifensoreFranciaBacary Sagna
69%
CentrocampistaSpagnaMikel Arteta
46%
AttaccanteInghilterraTheo Walcott
46%
DifensoreBelgioThomas Vermaelen
46%
AttaccanteIsraeleYossi Benayoun
46%
DifensoreInghilterraKieran Gibbs
38%

Distribuzione punteggi

Percentile per numero di risposta

Percentuale di utenti per punteggio

I tuoi punteggi nel tempo

Non hai fatto questo quiz